000 00421nam a2200181Ia 4500
001 2172
005 20260306143822.0
008 260306t2021||||xx |||||||||||||| ||spa||
041 _aESP
082 _a616
_bR769
100 _aRozman, Ciril,
_eAUT
245 0 _aCompendio de medicina interna
260 _c2021
300 _aix, 862 páginas :
_c19 cm.
650 _aGEN
654 _aCCS
942 _cLIB
_dJUS
_fJUS
_2ddc
_n
999 _c2172
_d2172